000 00390nam a2200157Ia 4500
008 230524s9999 xx 000 0 und d
082 _bSEE
100 _aS.Seetharaman
_942622
245 0 _aConstruction Engineering and Management
250 _a5
260 _aNew Delhi
_bUmesh Publi.
_c2014
300 _a"XIX,784p;"
500 _aQuantity Number: 1
650 _aCivil
942 _cBK
999 _c57633
_d57633